[Event "IV Weekend A"]
[Site "Recco ITA"]
[Date "2011.01.19"]
[Round "1"]
[White "Milleri, Leonardo"]
[Black "Astengo, Marcello"]
[Result "0-1"]
[WhiteElo "1902"]
[BlackElo "2070"]
[PlyCount "68"]
[EventDate "2010.11.26"]

1. e4 e6 2. d4 d5 3. Nc3 Nf6 4. Bg5 Bb4 5. e5 h6 6. Bd2 Bxc3 7. bxc3 Ne4 8. Qg4
Kf8 9. Nf3 c5 10. Bd3 Nxd2 11. Nxd2 Qa5 12. O-O Qxc3 13. Nf3 c4 14. Be2 Qxc2
15. Nh4 Nc6 16. g3 h5 17. Bd1 hxg4 18. Bxc2 Nxd4 19. Bd1 g5 20. Ng2 Nf3+ 21.
Bxf3 gxf3 22. Ne3 b5 23. Ng4 Bb7 24. Rab1 Bc6 25. Rfd1 a5 26. a3 Ke7 27. Rd4
Rab8 28. Kf1 b4 29. axb4 axb4 30. Ke1 Rb7 31. Kd2 Ra8 32. Kc1 Ra2 33. Rb2 Rxb2
34. Kxb2 b3 0-1

[Event "IV Weekend A"]
[Site "Recco ITA"]
[Date "2010.11.16"]
[Round "1"]
[White "Molina, Fabrizio"]
[Black "Bozzo, Alberto"]
[Result "0-1"]
[WhiteElo "2209"]
[BlackElo "1930"]
[PlyCount "90"]
[EventDate "2010.11.26"]

1. Nf3 Nf6 2. c4 e6 3. g3 b6 4. Bg2 Bb7 5. O-O Be7 6. Nc3 O-O 7. d4 d5 8. cxd5
Nxd5 9. Re1 c5 10. e4 Nxc3 11. bxc3 cxd4 12. cxd4 Bb4 13. Re3 Nc6 14. Bb2 Rc8
15. d5 exd5 16. exd5 Ne7 17. Qd4 Nf5 18. Qg4 Rc2 19. Be5 g6 20. Rd3 Bc5 21. Nd2
Ba6 22. Rf3 Rxd2 23. Rxf5 Bc8 24. Qf4 Rxf2 25. Qxf2 Bxf5 26. Bd4 Bd6 27. Qb2
Qe7 28. Rf1 Be4 29. Re1 f5 30. Qe2 Re8 31. Qc4 Qd7 32. Bf1 Rc8 33. Qb3 Qf7 34.
Bc4 Qf8 35. Bb5 Qh6 36. Bc6 Qd2 37. Bf2 Bc5 38. Rf1 Bd6 39. Rd1 Qh6 40. Be3 Qh3
41. Qb2 Bxg3 42. Bd7 Bxh2+ 43. Qxh2 Qxe3+ 44. Kf1 Rc2 45. Be6+ Kg7 0-1

[Event "IV Weekend A"]
[Site "Recco ITA"]
[Date "2010.11.26"]
[Round "1"]
[White "Naumkin, Igor"]
[Black "Mortola, Alberto"]
[Result "1-0"]
[WhiteElo "2506"]
[BlackElo "1983"]
[PlyCount "48"]
[EventDate "2010.11.26"]

1. d4 f5 2. Nf3 Nf6 3. Bg5 e6 4. Nbd2 Nc6 5. e4 fxe4 6. Nxe4 Be7 7. Bxf6 Bxf6
8. c3 b6 9. Bd3 Bb7 10. O-O O-O 11. Qc2 h6 12. Rae1 Ne7 13. Nxf6+ Rxf6 14. Ne5
Nd5 15. Bh7+ Kh8 16. Be4 b5 17. g3 d6 18. Ng4 Rf7 19. Qe2 Qd7 20. Bd3 Qc6 21.
Qe4 Kg8 22. Qh7+ Kf8 23. Be4 Ke7 24. Bxd5 Qxd5 1-0

[Event "IV Weekend A"]
[Site "Recco ITA"]
[Date "2011.01.20"]
[Round "1"]
[White "Pesce, Gabriele"]
[Black "Mercandelli, Claudio"]
[Result "1-0"]
[WhiteElo "2179"]
[BlackElo "1908"]
[PlyCount "67"]
[EventDate "2010.11.26"]

1. e4 Nc6 2. d4 e5 3. Nf3 exd4 4. c3 d3 5. Bxd3 Nf6 6. e5 Ng4 7. O-O d6 8. Bg5
Be7 9. Bxe7 Nxe7 10. exd6 Qxd6 11. Bb5+ Bd7 12. Qxd6 cxd6 13. Na3 Ne5 14. Nxe5
dxe5 15. Bxd7+ Kxd7 16. Rad1+ Kc7 17. Nb5+ Kc6 18. Nd6 f6 19. Nxb7 a5 20. Rd6+
Kxb7 21. Rd7+ Kc6 22. Rxe7 Rhd8 23. Rxg7 Rd2 24. Rb1 Rad8 25. h4 R8d7 26. Rxd7
Kxd7 27. Kf1 Kc7 28. g4 h6 29. Kg2 a4 30. Kf3 a3 31. bxa3 Rxa2 32. Rb3 Kc6 33.
Ke3 Kc5 34. f3 1-0

[Event "IV Weekend A"]
[Site "Recco ITA"]
[Date "2010.11.26"]
[Round "1"]
[White "Pinto, Antonio"]
[Black "Stoppa, Omar"]
[Result "0-1"]
[WhiteElo "1940"]
[BlackElo "2258"]
[PlyCount "36"]
[EventDate "2010.11.26"]

1. e4 e6 2. d4 d5 3. Nc3 Bb4 4. a3 Bxc3+ 5. bxc3 dxe4 6. Qg4 Nf6 7. Qxg7 Rg8 8.
Qh6 c5 9. Ne2 cxd4 10. cxd4 Nc6 11. Bb2 Rg6 12. Qd2 Qc7 13. Nc3 Na5 14. Nb5 Qd8
15. O-O-O a6 16. Nc3 Qc7 17. d5 exd5 18. Nxd5 Nb3+ 0-1

[Event "IV Weekend A"]
[Site "Recco ITA"]
[Date "2010.11.26"]
[Round "1"]
[White "Poli, Giuseppe"]
[Black "Angelini, Marco"]
[Result "0-1"]
[WhiteElo "1921"]
[BlackElo "2189"]
[PlyCount "124"]
[EventDate "2010.11.26"]

1. d4 d5 2. Nf3 e6 3. Bf4 Nf6 4. e3 Nbd7 5. Nbd2 b6 6. h3 Bb7 7. Bd3 Bd6 8. Ne5
a6 9. O-O O-O 10. c3 Ne4 11. f3 Nxd2 12. Qxd2 Re8 13. Qc2 Nf8 14. Bh2 f6 15.
Ng4 Bxh2+ 16. Kxh2 c5 17. dxc5 Qc7+ 18. Kh1 Qxc5 19. Rae1 Rad8 20. Nf2 e5 21.
e4 d4 22. c4 Ne6 23. a3 a5 24. Rb1 Qc7 25. b4 Kh8 26. Rfc1 Rc8 27. Qb2 Rb8 28.
Qd2 Rec8 29. Qa2 Qe7 30. Rb2 axb4 31. axb4 Ra8 32. Qb3 Bc6 33. Rbb1 Be8 34. Ra1
Bf7 35. g3 Nf8 36. Rxa8 Rxa8 37. Qb2 Ra4 38. b5 h6 39. Kg2 Ne6 40. Ra1 Qa7 41.
Rxa4 Qxa4 42. Qd2 Nc5 43. Be2 Bxc4 44. Bd1 Qxb5 45. f4 Qc6 46. Bf3 Qd6 47. fxe5
fxe5 48. g4 Ne6 49. h4 Qd7 50. Kg3 b5 51. Qa5 Qf7 52. Qa8+ Kh7 53. Qb8 Qf4+ 54.
Kg2 d3 55. Nh3 Qf6 56. Kg3 d2 57. Bd1 Bf1 58. g5 hxg5 59. Bg4 gxh4+ 60. Kh2
Bxh3 61. Kxh3 Nd4 62. Qe8 Qg5 0-1

[Event "IV Weekend A"]
[Site "Recco ITA"]
[Date "2010.11.26"]
[Round "1"]
[White "Vicentini, Andrea"]
[Black "Del Noce, Roberto"]
[Result "1/2-1/2"]
[WhiteElo "1993"]
[BlackElo "1866"]
[PlyCount "61"]
[EventDate "2010.11.26"]

1. e4 c5 2. Nc3 d6 3. g3 Nf6 4. Bg2 e6 5. Nge2 Be7 6. d3 O-O 7. O-O Nc6 8. f3
Rb8 9. a4 a6 10. h3 Bd7 11. g4 b5 12. axb5 axb5 13. Ng3 Ne8 14. Be3 b4 15. Nce2
Nc7 16. Qd2 Ra8 17. g5 f5 18. exf5 exf5 19. d4 Rxa1 20. Rxa1 Qe8 21. dxc5 dxc5
22. c3 bxc3 23. Nxc3 Nb4 24. Re1 Qc8 25. Bf2 Re8 26. Nf1 Bf8 27. Rxe8 Qxe8 28.
Ne3 Kh8 29. Ned5 Nbxd5 30. Nxd5 Nxd5 31. Qxd5 1/2-1/2

[Event "IV Weekend A"]
[Site "Recco ITA"]
[Date "2010.11.27"]
[Round "2"]
[White "Angelini, Marco"]
[Black "Naumkin, Igor"]
[Result "0-1"]
[WhiteElo "2189"]
[BlackElo "2506"]
[PlyCount "68"]
[EventDate "2010.11.26"]

1. e4 e6 2. d4 d5 3. Nc3 Bb4 4. a3 Bxc3+ 5. bxc3 dxe4 6. Qg4 Nf6 7. Qxg7 Rg8 8.
Qh6 c5 9. Ne2 Rg6 10. Qd2 Nbd7 11. g3 b6 12. Bg2 Bb7 13. O-O Qc7 14. a4 Rc8 15.
Ra2 h5 16. h3 Rg8 17. Re1 Bd5 18. Rb2 Qc6 19. Nf4 Qxa4 20. Nxd5 exd5 21. Rb3
cxd4 22. cxd4 Qc4 23. Re2 Nf8 24. Bf1 Ne6 25. Bb2 Qc7 26. Rc3 Qd7 27. Rxc8+
Qxc8 28. c4 h4 29. cxd5 Ng5 30. Qf4 Nxd5 31. Rc2 Qxc2 32. Bb5+ Kf8 33. Ba3+ Ne7
34. Qd6 Nxh3+ 0-1

[Event "IV Weekend A"]
[Site "Recco ITA"]
[Date "2010.11.27"]
[Round "2"]
[White "Astengo, Marcello"]
[Black "Di Paolo, Raffaele"]
[Result "1/2-1/2"]
[WhiteElo "2070"]
[BlackElo "2336"]
[PlyCount "69"]
[EventDate "2010.11.26"]

1. d4 e6 2. c4 d5 3. Nc3 Nf6 4. cxd5 exd5 5. Bg5 Be7 6. e3 O-O 7. Bd3 Nbd7 8.
Qc2 Re8 9. Nge2 Nf8 10. O-O c6 11. f3 Ng6 12. e4 dxe4 13. fxe4 Ng4 14. Bd2 Bg5
15. Bc4 Be6 16. Bxe6 fxe6 17. Rf3 c5 18. Rg3 cxd4 19. Bxg5 Qxg5 20. Nxd4 Rad8
21. Ncb5 Qh4 22. Nf3 Qh5 23. Nbd4 Nf4 24. h3 Ne5 25. Qc7 Nxf3+ 26. Rxf3 Rxd4
27. Rxf4 h6 28. Raf1 Rd1 29. Rxd1 Qxd1+ 30. Kh2 Kh7 31. Rg4 Rg8 32. Qxb7 Qd6+
33. Kh1 Qd1+ 34. Kh2 Qd6+ 35. Kh1 1/2-1/2

[Event "IV Weekend A"]
[Site "Recco ITA"]
[Date "2010.11.27"]
[Round "2"]
[White "Bozzo, Alberto"]
[Black "De Florio, Federico"]
[Result "1-0"]
[WhiteElo "1930"]
[BlackElo "2200"]
[PlyCount "77"]
[EventDate "2010.11.26"]

1. d4 d5 2. Nf3 Nf6 3. e3 Nbd7 4. Bd3 c5 5. c3 g6 6. Nbd2 Bg7 7. O-O O-O 8. Re1
b6 9. e4 dxe4 10. Nxe4 cxd4 11. Nxd4 Bb7 12. Qe2 a6 13. Bg5 Qc7 14. Nxf6+ exf6
15. Bh4 Ne5 16. Be4 Rac8 17. Bg3 Bxe4 18. Qxe4 Qc4 19. Qb7 Nd3 20. Re7 f5 21.
Ne6 f4 22. Bh4 Nc5 23. Nxc5 Qxc5 24. Rd7 Rb8 25. Qc7 g5 26. Qxc5 bxc5 27. Bxg5
Rxb2 28. Bxf4 Bxc3 29. Rad1 Bd4 30. Be3 Bxe3 31. fxe3 Rxa2 32. R1d5 Rb8 33. h3
Rc8 34. Rg5+ Kh8 35. Rxf7 Rg8 36. Rxc5 Raxg2+ 37. Kf1 R2g3 38. Rh5 Ra8 39.
Rhxh7+ 1-0

[Event "IV Weekend A"]
[Site "Recco ITA"]
[Date "2010.11.27"]
[Round "2"]
[White "Cavatorta, Fosco"]
[Black "Milleri, Leonardo"]
[Result "0-1"]
[WhiteElo "1941"]
[BlackElo "1902"]
[PlyCount "58"]
[EventDate "2010.11.26"]

1. d4 Nf6 2. Nf3 g6 3. Nc3 d5 4. Bf4 Bg7 5. e3 O-O 6. Be2 c6 7. Ne5 Nbd7 8. h4
Ne4 9. Nxe4 dxe4 10. Nxd7 Qxd7 11. Qd2 c5 12. c3 Rd8 13. Qc2 Qc6 14. O-O-O Be6
15. h5 Rac8 16. Be5 cxd4 17. exd4 Qd5 18. Bxg7 Kxg7 19. hxg6 fxg6 20. Rh4 Qxa2
21. Qxe4 Qa1+ 22. Qb1 Qa5 23. Bd3 Qg5+ 24. Kc2 Qxh4 25. g3 Qf6 26. f4 Qxd4 27.
Rd2 Bf5 28. Qe1 Bxd3+ 29. Kc1 Rxc3+ 0-1

[Event "IV Weekend A"]
[Site "Recco ITA"]
[Date "2010.11.27"]
[Round "2"]
[White "Del Noce, Roberto"]
[Black "Molina, Fabrizio"]
[Result "0-1"]
[WhiteElo "1866"]
[BlackElo "2209"]
[PlyCount "96"]
[EventDate "2010.11.26"]

1. e4 d6 2. f4 Nf6 3. Nc3 Nbd7 4. d4 e5 5. fxe5 dxe5 6. dxe5 Nxe5 7. Qxd8+ Kxd8
8. Bg5 Be7 9. O-O-O+ Bd7 10. h3 Re8 11. Nf3 Nh5 12. Bxe7+ Rxe7 13. Nd5 Re8 14.
Nxe5 Rxe5 15. Bd3 c6 16. Nc3 Kc7 17. Rhf1 Nf6 18. Bc4 Rf8 19. a3 b5 20. Bd3
Rfe8 21. b4 R8e7 22. Rf3 a6 23. a4 Ne8 24. axb5 axb5 25. Nb1 Nd6 26. Nd2 f6 27.
Rff1 Be8 28. Nf3 Rh5 29. Nd4 Rg5 30. g4 Nxe4 31. Nf5 Re5 32. Bxe4 Rxe4 33. Nd6
Re6 34. Nxe8+ Rxe8 35. Rd4 h5 36. gxh5 Rxh5 37. Rfd1 Re7 38. R1d3 Rhe5 39. Ra3
Re1+ 40. Kb2 R1e3 41. Ra8 Kb6 42. Rh8 R7e4 43. Rd3 Rxb4+ 44. Kc1 Rc4 45. Rd7 g5
46. Rf7 Rf3 47. Rg8 Rf2 48. Kd1 Re4 0-1

[Event "IV Weekend A"]
[Site "Recco ITA"]
[Date "2010.11.27"]
[Round "2"]
[White "Grinza, Andrea"]
[Black "Ciccarelli, Marco"]
[Result "1-0"]
[WhiteElo "2207"]
[BlackElo "1871"]
[PlyCount "87"]
[EventDate "2010.11.26"]

1. d4 e6 2. c4 Nf6 3. Nf3 b6 4. g3 Ba6 5. Nbd2 Bb4 6. Qc2 Bb7 7. Bg2 O-O 8. O-O
c5 9. a3 Bxd2 10. Bxd2 cxd4 11. Nxd4 Bxg2 12. Kxg2 d5 13. Bb4 Re8 14. Rfd1 Na6
15. Nc6 Qc7 16. cxd5 Nxd5 17. Rac1 Rac8 18. e4 Nf6 19. Ne7+ Qxe7 20. Qxc8 Nxb4
21. Qc4 Qb7 22. axb4 Nxe4 23. Qc6 Qxc6 24. Rxc6 Nf6 25. Rc7 Ra8 26. Rxa7 Rc8
27. Rc1 Rf8 28. b5 Nd5 29. Rca1 g6 30. Ra8 Nc7 31. Rxf8+ Kxf8 32. Ra6 Nxb5 33.
Rxb6 Nd4 34. Rb7 h5 35. Rd7 Nf5 36. b4 Ke8 37. Rd1 Ne7 38. Kf3 Nd5 39. Rxd5
exd5 40. Ke3 Kd7 41. Kd4 Kd6 42. f4 f6 43. b5 g5 44. f5 1-0

[Event "IV Weekend A"]
[Site "Recco ITA"]
[Date "2010.11.27"]
[Round "2"]
[White "Lupini, Stefano"]
[Black "Formento, Paolo"]
[Result "1-0"]
[WhiteElo "1924"]
[BlackElo "1976"]
[PlyCount "107"]
[EventDate "2010.11.26"]

1. d4 d5 2. c4 e5 3. dxe5 d4 4. a3 Nc6 5. Nf3 Bg4 6. Bf4 Nge7 7. e3 dxe3 8.
Qxd8+ Rxd8 9. fxe3 Bxf3 10. gxf3 h6 11. e6 fxe6 12. Bxc7 Rd7 13. Bg3 Nf5 14.
Bf2 Bc5 15. Ke2 Na5 16. Nd2 Rxd2+ 17. Kxd2 Nb3+ 18. Kc3 Nxa1 19. Bh3 Kf7 20.
Rxa1 Bxe3 21. Bxe3 Nxe3 22. Bxe6+ Kxe6 23. Re1 Kd7 24. Rxe3 Rf8 25. Kd4 Rf4+
26. Kd5 Rf5+ 27. Ke4 Rh5 28. Re2 Ke6 29. f4 Rh4 30. Kf3+ Kf5 31. Re5+ Kf6 32.
Kg3 g5 33. fxg5+ hxg5 34. Rc5 Rh7 35. Rd5 Rc7 36. b3 Re7 37. Rd6+ Kf5 38. Rd5+
Kf6 39. Kf3 Rh7 40. Kg3 Re7 41. Rd3 Rh7 42. b4 Rc7 43. c5 a5 44. Kg4 axb4 45.
axb4 Rh7 46. Rh3 Rd7 47. Rh6+ Ke5 48. Kxg5 Rd4 49. Rb6 Rd7 50. h4 Rg7+ 51. Rg6
Rh7 52. h5 Kd5 53. h6 Kc4 54. Rg7 1-0

[Event "IV Weekend A"]
[Site "Recco ITA"]
[Date "2010.11.27"]
[Round "2"]
[White "Mercandelli, Claudio"]
[Black "Bocci, Alessandro"]
[Result "1/2-1/2"]
[WhiteElo "1908"]
[BlackElo "1955"]
[PlyCount "120"]
[EventDate "2010.11.26"]

1. Nf3 Nf6 2. c4 g6 3. b4 Bg7 4. Bb2 O-O 5. g3 d6 6. Bg2 a5 7. a3 axb4 8. axb4
Rxa1 9. Bxa1 e5 10. d3 c6 11. O-O Bg4 12. Nbd2 Nbd7 13. Bc3 Re8 14. Qa1 Qc7 15.
h3 Bxf3 16. Bxf3 d5 17. e3 h5 18. Bg2 Qb8 19. Qb2 Qc7 20. Ra1 Qd6 21. Ra7 d4
22. exd4 exd4 23. Bxd4 Re2 24. Ra8+ Kh7 25. Nf3 Rxb2 26. Ng5+ Kh6 27. Nxf7+ Kh7
28. Nxd6 Rxb4 29. Ra2 Rb3 30. Nxb7 Rxd3 31. Bb2 Rb3 32. Ba1 Rb1+ 33. Kh2 Ng4+
34. hxg4 Rxa1 35. Rxa1 Bxa1 36. gxh5 Ne5 37. hxg6+ Kxg6 38. Be4+ Kf6 39. f4
Nxc4 40. Bxc6 Bd4 41. Bd5 Ne3 42. Be4 Nd1 43. Kg2 Bb6 44. Nd6 Bc5 45. Nc4 Ne3+
46. Nxe3 Bxe3 47. Kf3 Bc5 48. g4 Bf8 49. g5+ Kg7 50. Kg4 Bd6 51. Kf5 Bc7 52.
Kg4 Bd6 53. f5 Be7 54. Kh5 Bd8 55. Kg4 Be7 56. Bd5 Bd8 57. Bb3 Be7 58. Kf4 Bf8
59. Kg4 Be7 60. Kh5 Bd8 1/2-1/2

[Event "IV Weekend A"]
[Site "Recco ITA"]
[Date "2010.11.27"]
[Round "2"]
[White "Mortola, Alberto"]
[Black "Poli, Giuseppe"]
[Result "0-1"]
[WhiteElo "1983"]
[BlackElo "1921"]
[PlyCount "106"]
[EventDate "2010.11.26"]

1. e4 c5 2. c3 e5 3. f4 d6 4. Nf3 Qc7 5. Bc4 Nc6 6. fxe5 dxe5 7. O-O Nf6 8. d3
h6 9. Be3 Be7 10. Nbd2 O-O 11. Qe1 Ng4 12. Nb3 Nxe3 13. Qxe3 b6 14. Rf2 Nd8 15.
Raf1 Be6 16. Bxe6 Nxe6 17. Kh1 Rad8 18. Ne1 b5 19. Qg3 Bg5 20. h4 Bf4 21. Qh3
c4 22. dxc4 bxc4 23. Na1 Qb7 24. Qf3 Bd2 25. b4 Bxe1 26. Rxe1 Rd3 27. Re3 Rfd8
28. Nc2 f6 29. g3 Qa6 30. Qg4 Nf8 31. Kg2 Rd2 32. a3 Qa4 33. Ne1 Qxa3 34. Rxd2
Rxd2+ 35. Kh3 Qa6 36. Re2 Rd8 37. Nc2 Rd3 38. Ne3 Kh7 39. Nd5 g6 40. Rf2 g5 41.
Qe2 Nd7 42. Qf1 Kg7 43. Nc7 Qc6 44. Nd5 f5 45. Kh2 Rxd5 46. exd5 Qxd5 47. Ra2
Nf6 48. Rxa7+ Kf8 49. Qg1 Ne4 50. Qe3 h5 51. hxg5 h4 52. gxh4 f4 53. Qf2 Nxf2
0-1

[Event "IV Weekend A"]
[Site "Recco ITA"]
[Date "2010.11.28"]
[Round "2"]
[White "Musso, Valerio"]
[Black "Caputi, Giuliano"]
[Result "0-1"]
[WhiteElo "2002"]
[BlackElo "1925"]
[PlyCount "90"]
[EventDate "2010.11.26"]

1. e4 e5 2. Nf3 Nc6 3. Bb5 Nf6 4. O-O Nxe4 5. Re1 Nd6 6. Nxe5 Nxe5 7. Rxe5+ Be7
8. Nc3 Nxb5 9. Nxb5 d6 10. Re1 O-O 11. d4 c6 12. Nc3 d5 13. Bf4 Be6 14. Qd2 Bb4
15. a3 Be7 16. Re2 b5 17. Qd3 a5 18. Qg3 Bh4 19. Qd3 Qd7 20. Rae1 Bg4 21. Rd2
Rae8 22. Rc1 Re6 23. h3 Bh5 24. Bg3 Bg6 25. Qf3 Rf6 26. Bf4 Bg5 27. Ne2 Re8 28.
g3 Qxh3 29. Qg2 Qh5 30. g4 Qh6 31. Bxg5 Qxg5 32. f4 Qh4 33. f5 Re4 34. Ng3 Rxg4
35. Re1 h6 36. fxg6 Rfxg6 37. Re8+ Kh7 38. Nf5 Rxg2+ 39. Rxg2 Rxg2+ 40. Kxg2
Qg5+ 41. Ng3 Qd2+ 42. Re2 Qxd4 43. c3 Qg4 44. Re7 f5 45. Kf2 f4 0-1

[Event "IV Weekend A"]
[Site "Recco ITA"]
[Date "2010.11.27"]
[Round "2"]
[White "Platino, Maurizio"]
[Black "Vicentini, Andrea"]
[Result "1/2-1/2"]
[WhiteElo "1849"]
[BlackElo "1993"]
[PlyCount "50"]
[EventDate "2010.11.26"]

1. d4 e6 2. c4 f5 3. Nf3 Nf6 4. Nc3 Be7 5. e3 b6 6. Be2 Bb7 7. O-O O-O 8. Nd2
d6 9. Bf3 Bxf3 10. Nxf3 Qd7 11. b3 Nc6 12. Bb2 Nd8 13. Qd2 Nf7 14. Rad1 Rad8
15. Rfe1 Rfe8 16. Qc2 Qc8 17. h3 c6 18. Qb1 Qd7 19. e4 fxe4 20. Nxe4 Nxe4 21.
Qxe4 Ng5 22. Nxg5 Bxg5 23. Qg4 Bf6 24. Bc1 e5 25. Qxd7 Rxd7 1/2-1/2

[Event "IV Weekend A"]
[Site "Recco ITA"]
[Date "2010.11.27"]
[Round "2"]
[White "Roversi, Stefano"]
[Black "Pinto, Antonio"]
[Result "1-0"]
[WhiteElo "1873"]
[BlackElo "1940"]
[PlyCount "112"]
[EventDate "2010.11.26"]

1. e4 c5 2. Nf3 Nc6 3. Bb5 g6 4. O-O Bg7 5. Re1 Qc7 6. c3 a6 7. Bf1 d6 8. d4
cxd4 9. cxd4 Bg4 10. Be3 Nf6 11. Nbd2 d5 12. Qc2 dxe4 13. Nxe4 Bxf3 14. gxf3
O-O 15. Nxf6+ Bxf6 16. d5 Rab8 17. dxc6 bxc6 18. Rac1 Rxb2 19. Qxc6 Qe5 20.
Qxa6 Qd5 21. Rc8 Rxc8 22. Qxc8+ Kg7 23. Qh3 h5 24. a4 Rb4 25. a5 Rh4 26. Qg3
Qxa5 27. Rc1 Qb4 28. Bg5 Bxg5 29. Qxg5 f6 30. Qc5 Qb7 31. Qc6 Qb8 32. Qc7 Qb4
33. Rc4 Rxc4 34. Qxc4 Qxc4 35. Bxc4 g5 36. Kg2 e5 37. h4 f5 38. Kh3 Kf6 39. Bd5
Kg6 40. Bc6 g4+ 41. fxg4 hxg4+ 42. Kg3 Kf6 43. Bd7 Kg6 44. Be8+ Kh6 45. Bf7 Kg7
46. Bh5 Kh6 47. Bxg4 fxg4 48. Kxg4 Kg6 49. h5+ Kf6 50. f3 Kg7 51. Kf5 Kh7 52.
Kf6 Kh6 53. Kxe5 Kxh5 54. f4 Kg6 55. Ke6 Kg7 56. f5 Kg8 1-0

[Event "IV Weekend A"]
[Site "Recco ITA"]
[Date "2010.11.27"]
[Round "2"]
[White "Stoppa, Omar"]
[Black "Almonti, Alessandro"]
[Result "1-0"]
[WhiteElo "2258"]
[BlackElo "2033"]
[PlyCount "83"]
[EventDate "2010.11.26"]

1. e4 d6 2. c3 Nf6 3. g3 c6 4. Bg2 e5 5. Ne2 Be7 6. O-O O-O 7. d4 Nbd7 8. a4 b6
9. Na3 Re8 10. Nc2 Bb7 11. a5 bxa5 12. Ne3 Ba6 13. Re1 Bf8 14. Qa4 Bb5 15. Qc2
c5 16. dxc5 Nxc5 17. Rd1 a4 18. g4 Rb8 19. Ng3 Rb6 20. g5 Nfd7 21. Nd5 Rc6 22.
Bf1 Bxf1 23. Kxf1 a5 24. Be3 Qc8 25. Kg2 Qa6 26. h4 Qc4 27. h5 Rb8 28. g6 Rb3
29. h6 fxg6 30. hxg7 Kxg7 31. Rh1 Rc8 32. Rh4 Rcb8 33. Rah1 h5 34. Qd1 Nf6 35.
Nxf6 Kxf6 36. Nxh5+ Ke7 37. Ng3 Kd7 38. Rh7+ Kc6 39. Bxc5 Qxc5 40. Qg4 Rd8 41.
Qxg6 Rxb2 42. Qf7 1-0

[Event "IV Weekend A"]
[Site "Recco ITA"]
[Date "2010.11.27"]
[Round "3"]
[White "Almonti, Alessandro"]
[Black "Milleri, Leonardo"]
[Result "1-0"]
[WhiteElo "2033"]
[BlackElo "1902"]
[PlyCount "73"]
[EventDate "2010.11.26"]

1. c4 Nf6 2. g3 d5 3. cxd5 Nxd5 4. Nf3 g6 5. Nc3 Nxc3 6. bxc3 Bg7 7. Bg2 O-O 8.
Ng5 c6 9. O-O Na6 10. Qa4 Nc5 11. Qb4 Qb6 12. Qh4 h6 13. Nf3 g5 14. Nxg5 hxg5
15. Qxg5 Rd8 16. d4 Ne6 17. Qxe7 Qc7 18. Qh4 Nf8 19. Bg5 Re8 20. e4 Qd7 21. h3
Qe6 22. Be3 Qg6 23. Rab1 Rb8 24. d5 Bf6 25. Qf4 Be5 26. Qf3 cxd5 27. exd5 Bxc3
28. Bxa7 Ra8 29. Qxc3 Rxa7 30. Rb2 Bd7 31. Rd1 Qh5 32. Rd4 Bxh3 33. Bxh3 Qxh3
34. Rh4 Qxh4 35. gxh4 Ng6 36. h5 Nf4 37. Qg3+ 1-0

[Event "IV Weekend A"]
[Site "Recco ITA"]
[Date "2010.11.27"]
[Round "3"]
[White "Astengo, Marcello"]
[Black "Platino, Maurizio"]
[Result "0-1"]
[WhiteElo "2070"]
[BlackElo "1849"]
[PlyCount "40"]
[EventDate "2010.11.26"]

1. d4 Nf6 2. c4 e6 3. Nf3 b6 4. Bg5 Bb7 5. e3 Be7 6. Nc3 O-O 7. Bd3 d5 8. O-O
dxc4 9. Bxc4 Ne4 10. Bxe7 Qxe7 11. Rc1 Nd7 12. Bd3 Nxc3 13. Rxc3 Nf6 14. Ne5 c5
15. dxc5 bxc5 16. Qc2 Rac8 17. Rc1 g6 18. Rxc5 Nd7 19. Nxd7 Qxd7 20. Be2 Rxc5
0-1

[Event "IV Weekend A"]
[Site "Recco ITA"]
[Date "2010.11.27"]
[Round "3"]
[White "Bocci, Alessandro"]
[Black "Roversi, Stefano"]
[Result "1-0"]
[WhiteElo "1955"]
[BlackElo "1873"]
[PlyCount "84"]
[EventDate "2010.11.26"]

1. d4 Nf6 2. c4 g6 3. Nc3 Bg7 4. e4 d6 5. Nf3 O-O 6. Be2 Nbd7 7. Bg5 h6 8. Bh4
g5 9. Bg3 c5 10. d5 Qa5 11. Qd2 a6 12. O-O Nh5 13. Ne1 Nxg3 14. hxg3 b5 15. f4
Bd4+ 16. Kh1 Bf6 17. Nf3 g4 18. Nh4 Nb6 19. f5 Bg5 20. Qd1 b4 21. Nb1 h5 22.
Bxg4 Nxc4 23. Bxh5 Ne3 24. Qe2 Nxf1 25. Qxf1 Bxh4 26. gxh4 Bd7 27. Qf4 Kh7 28.
Nd2 Be8 29. f6 exf6 30. Qxf6 Qd8 31. Qf5+ Kh8 32. Nf3 f6 33. Rf1 Bxh5 34. Qxh5+
Kg7 35. Qg4+ Kh8 36. Qh5+ Kg7 37. Qg4+ Kh8 38. h5 Rg8 39. Qf4 Rg7 40. Nh4 Rg5
41. Ng6+ Kg7 42. Qf3 Qh8 1-0

[Event "IV Weekend A"]
[Site "Recco ITA"]
[Date "2010.11.27"]
[Round "3"]
[White "Caputi, Giuliano"]
[Black "Angelini, Marco"]
[Result "1/2-1/2"]
[WhiteElo "1925"]
[BlackElo "2189"]
[PlyCount "79"]
[EventDate "2010.11.26"]

1. e4 c5 2. Nf3 e6 3. d3 Nc6 4. g3 Nge7 5. Bg2 g6 6. c3 Bg7 7. Nbd2 O-O 8. O-O
Rb8 9. Re1 d6 10. Nf1 b5 11. d4 cxd4 12. cxd4 d5 13. e5 Qb6 14. Ne3 f6 15. Ng4
f5 16. Ne3 Bd7 17. Nc2 h6 18. h4 a5 19. b3 Rfc8 20. Be3 b4 21. Qd2 Kh7 22. Bf1
Na7 23. a3 bxa3 24. Nxa3 Nec6 25. Reb1 Rc7 26. Ne1 Nb4 27. Nd3 Nxd3 28. Bxd3
Bf8 29. Nc2 Nc6 30. Qd1 Nb4 31. Nxb4 Bxb4 32. Rc1 Bc3 33. Rab1 Rbc8 34. Be2 Bb5
35. Bxb5 Qxb5 36. Qf1 Qxf1+ 37. Kxf1 Bb4 38. Rxc7+ Rxc7 39. Rc1 Rxc1+ 40. Bxc1
1/2-1/2

[Event "IV Weekend A"]
[Site "Recco ITA"]
[Date "2010.11.27"]
[Round "3"]
[White "De Florio, Federico"]
[Black "Vicentini, Andrea"]
[Result "1/2-1/2"]
[WhiteElo "2200"]
[BlackElo "1993"]
[PlyCount "138"]
[EventDate "2010.11.26"]

1. d4 e6 2. Nf3 f5 3. c4 Nf6 4. a3 Be7 5. Nc3 O-O 6. e3 b6 7. Be2 Bb7 8. O-O d6
9. b4 Ne4 10. Bb2 Nd7 11. Qb3 Nxc3 12. Bxc3 Bf6 13. c5 Bd5 14. Bc4 Bxc4 15.
Qxc4 Re8 16. c6 Nf8 17. d5 Bxc3 18. Qxc3 e5 19. b5 a6 20. a4 a5 21. Nd2 Ng6 22.
Rae1 Nh4 23. g3 Ng6 24. f4 e4 25. h4 h5 26. Nb3 Nf8 27. Nd4 Qf6 28. Qc4 g6 29.
Kf2 Re7 30. Ke2 Rae8 31. Kd2 Rh7 32. Kc2 Rhe7 33. Rh1 Rh7 34. Reg1 Kf7 35. Rh2
Ke7 36. Rd2 Kf7 37. Re1 Kg8 38. Kb3 Rhe7 39. Rg2 Rh7 40. Ne2 Rg7 41. Rh1 Ree7
42. g4 hxg4 43. h5 gxh5 44. Rxh5 Rh7 45. Ng3 Rxh5 46. Nxh5 Qa1 47. Qc3 Qxc3+
48. Kxc3 Kf7 49. Ng3 Kg6 50. Kd4 Kf6 51. Nf1 Rh7 52. Nd2 Re7 53. Nc4 Ng6 54.
Rh2 Nf8 55. Rh6+ Ng6 56. Ne5 Rg7 57. Nd7+ Ke7 58. Rh5 Rf7 59. Rg5 Nh4 60. Rg8
Nf3+ 61. Kc3 Rh7 62. Nxb6 Kf7 63. Rb8 g3 64. Rb7 g2 65. Rxc7+ Kg6 66. Rxh7 g1=Q
67. c7 Qa1+ 68. Kc2 Qa2+ 69. Kc1 Qc2+ 1/2-1/2

[Event "IV Weekend A"]
[Site "Recco ITA"]
[Date "2010.11.27"]
[Round "3"]
[White "Di Paolo, Raffaele"]
[Black "Bozzo, Alberto"]
[Result "1-0"]
[WhiteElo "2336"]
[BlackElo "1930"]
[PlyCount "69"]
[EventDate "2010.11.26"]

1. e4 e6 2. Qe2 Be7 3. Nf3 d5 4. d3 dxe4 5. dxe4 b6 6. g3 Bb7 7. Bg2 Nf6 8.
Nbd2 O-O 9. O-O c5 10. e5 Nd5 11. Ne4 Nc6 12. Rd1 Qc7 13. c4 Ndb4 14. a3 Na6
15. Bf4 Rad8 16. h4 Rxd1+ 17. Rxd1 Rd8 18. Nd6 Ba8 19. h5 h6 20. Qe3 Bf8 21. g4
Ne7 22. Bf1 Qc6 23. Bg2 Nc7 24. Nh4 Qa4 25. b3 Qd7 26. Bxa8 Nxa8 27. g5 Nc8 28.
gxh6 Nxd6 29. hxg7 Bxg7 30. Bg5 Re8 31. Rxd6 Qb7 32. h6 Bf8 33. Bf6 Kh7 34.
Qd3+ Kxh6 35. Rd7 1-0

[Event "IV Weekend A"]
[Site "Recco ITA"]
[Date "2010.11.27"]
[Round "3"]
[White "Formento, Paolo"]
[Black "Cavatorta, Fosco"]
[Result "1-0"]
[WhiteElo "1976"]
[BlackElo "1941"]
[PlyCount "79"]
[EventDate "2010.11.26"]

1. e4 d6 2. d4 Nf6 3. Nc3 g6 4. f3 a6 5. Be3 b5 6. a3 Nbd7 7. Qd2 e5 8. d5 Rb8
9. b3 Bb7 10. a4 bxa4 11. Rxa4 Ra8 12. Bd3 Bg7 13. Kf2 O-O 14. h4 h5 15. Bg5
Nc5 16. Ra1 Qd7 17. Be2 a5 18. Bxf6 Bxf6 19. g4 Bg7 20. gxh5 gxh5 21. Bf1 Qe7
22. Qg5 f6 23. Qxh5 f5 24. Bd3 fxe4 25. Nxe4 Nxd3+ 26. cxd3 Bxd5 27. Ng5 Rf6
28. Ne2 e4 29. Qh7+ Kf8 30. Nxe4 Bxe4 31. dxe4 Qxe4 32. Qxe4 Re6 33. Ng3 Re5
34. Nf5 Rb5 35. Rab1 d5 36. h5 dxe4 37. fxe4 Bh6 38. Rhd1 Re5 39. Rd8+ Kf7 40.
Rg1 1-0